| 000 | 00605nam a2200229Ia 4500 | ||
|---|---|---|---|
| 003 | OSt | ||
| 005 | 20230524113738.0 | ||
| 008 | 210423s2006 xx 000 0 und d | ||
| 020 | _a81-7551-181-8 | ||
| 040 | _cAL | ||
| 041 | _aeng | ||
| 082 | _a820.954 VINE | ||
| 100 |
_aVINODA (T);SHAILAJA (P) _9112154 |
||
| 245 | _aExpatriate: Indian writing in English Vol 1 | ||
| 260 |
_aNew Delhi _bPrestige Books _c2006 |
||
| 300 |
_a320 _bHB |
||
| 365 |
_b600 _cINR |
||
| 440 | _v1 | ||
| 650 |
_aEnglish Criticism _9112155 |
||
| 906 | _aenglish ; Expatriate: ; Indian ; Vol ; writing | ||
| 942 |
_2ddc _cBK |
||
| 999 |
_c168013 _d168013 |
||